Literary Characters - F's - Statistics

General Stats
  • This quiz has been taken 22 times
  • The average score is 5 of 20
Answer Stats
Hint Answer % Correct
Hobbit carrying a corrupting ring across dangerous lands to save Middle-earth from darkness Frodo Baggins
94%
Scientist whose obsession with creating life unleashes a tragic, vengeful creature on the world Frankenstein
71%
Cantankerous caretaker whose strict rules and punishments terrorize students in a magical school Filch
59%
Tiny but powerful teacher who uses skill and knowledge to guide students in magical defense Filius Flitwick
53%
Ministry official whose incompetence and denial endanger students and the wizarding world Minister Fudge
53%
Loyal phoenix whose timely interventions save lives and provide guidance in critical moments Fawkes
41%
Simple, kind-hearted man whose honesty, bravery, and persistence carry him through pivotal historical events and shape the lives of those he loves Forrest Gump
41%
Noble captain of Gondor who spares the corrupting ring and guides weary travelers safely through war-torn lands Faramir
35%
Loyal CIA agent whose friendship with Bond helps him navigate dangerous espionage missions Felix Leiter
29%
Compassionate girl who saves a runt piglet, learning responsibility, empathy, and the value of life Fern Arable
29%
French student whose magical talents nearly cost her life in deadly tournament trials Fleur Delacour
18%
Poor young woman sent to live with wealthy relatives, whose patience, intelligence, and quiet moral strength help her navigate snobbery and injustice Fanny Price
12%
Young victor who survives the Hunger Games before marrying his lifelong love Annie Finnick Odair
12%
Court fool who uses songs, riddles, and sharp wit to expose hypocrisy, influence the powerful, and survive a treacherous household Feste
0%
Mortal girl who survives starvation and enslavement, then navigates courts, war, and forbidden love in the fae world Feyre Archeron
0%
Skilled young leader of the Vacker family whose bravery, strategy, and loyalty help his friends survive a deadly magical rebellion and navigate court intrigues Fitzroy Vacker
0%
Hopeless romantic who maintains unwavering devotion over decades, writing letters and enduring heartbreak to reunite with his lost love Florentino Ariza
0%
Disguised prince who risks his status and challenges his father’s authority to marry a shepherdess he truly loves while protecting her from danger Florizel
0%
Older of two brothers whose keen mind and leadership drive investigations of mysteries and crimes Frank Hardy
0%
Demigod son of Mars whose shapeshifting powers and courage allow him to lead missions against immortal enemies and protect his friends Frank Zhang
0%
No matching quizzes found
Score Distribution
Percent of People with Each Score
Percentile by Number Answered
Your Score History
You have not taken this quiz